1159 1933 1191 1568 1020 1725 1004 1361 1229 1661 1693 1888 1161 1576 1221 1560 1794 1116 1144 1810 1210 1613 1018 1313 1129 1023 1512 1164 1205 1290 1903 1807 1341 1681 1608 1650 1023 1031 1237 1290 1318 1189 1224 1503 1093 1856 1643 1692 1587 1470 1863 1011 1383 1929 1388 1988 1533 1537 1530 1186 1834 1618 1706 1462 1682 1487 1051 1430 1543 1054 1578 1638 1218 1867 1215 1370 1095 1526 1297 1093 1920 1523 1078 1405 1311 1552 1501 1999 1364 1467 1920 1629 1826 1816 1142 1101 1489 1032 1577 BCNSPRNW ULIB Ver.6.0+V

เปลี่ยนเป็นภาษาไทย

Change to English
 แสดงรายละเอียดบรรณานุกรม
  กลับหน้าหลัก

Brief Record : Get Marc (ISO 2709) : E-mail record : QR code < ปิดหน้าต่าง
LEADER : 00000nam 2200000uu 4500
001    13399124122
003     ULIB
008    150119s2555||||th 000 0 tha d
020    ^a9786163211651
060 04 ^aQT100^bร326ส
100 0  ^aรัชฎา แก่นสาร์
245 10 ^aสรีรวิทยา 1 /^cรัชฎา แก่นสาร์
250    ^aพิมพ์ครั้งที่ 1
260    ^aนนทบุรี :^bโครงการสวัสดิการวิชาการ สถาบันพระบรมราชชนก.^c2555
300    ^a406หน้า :^bภาพประกอบ ;^c26 ซม.
500    ^aSend to Single Search
650  2 ^aPhysiology
650  4 ^aสรีรวิทยา
710  2 ^aกระทรวงสาธารณสุข.^bสถาบันพระบรมมราชชนก.
945    ^p320^l0^i038374
945    ^p320^l0^i038375
945    ^p320^l0^i038376
945    ^p320^l0^i038377
945    ^p320^l0^i038378
999    ^aเกษร โพธิ์สุวรรณ
รายการนี้ยังไม่มีแท็ก
คุณยังไม่ได้ล็อกอิน คุณสามารถมีกิจกรรมร่วมกับเว็บไซต์ได้ แต่ต้องล็อกอินก่อน ::
  ล็อกอิน

รายการสื่อสารสนเทศ

ลำดับที่ ประเภท เลขเรียก/บาร์โค้ด สถานที่ สถานะ
1. วิทยาศาสตร์การแพทย์ และสุขภาพ
หนังสือสำรอง
สถานะ=หนังสือสำรอง
QT100 ร326ส ฉ.1 
  Barcode: 038374
ห้องสมุดวิทยาเขตสวรรค์ประชารักษ์
►ส่วนจัดเก็บหนังสือเก่า สปร
บนชั้น
  ขอยืม
2. วิทยาศาสตร์การแพทย์ และสุขภาพ
วิทยาศาสตร์การแพทย์ และสุขภาพ
QT100 ร326ส ฉ.2 
  Barcode: 038375
ห้องสมุดวิทยาเขตสวรรค์ประชารักษ์
►ส่วนจัดเก็บหนังสือเก่า สปร
บนชั้น
  ขอยืม
3. วิทยาศาสตร์การแพทย์ และสุขภาพ
วิทยาศาสตร์การแพทย์ และสุขภาพ
QT100 ร326ส ฉ.3 
  Barcode: 038376
ห้องสมุดวิทยาเขตสวรรค์ประชารักษ์
►ส่วนจัดเก็บหนังสือเก่า สปร
บนชั้น
  ขอยืม
4. วิทยาศาสตร์การแพทย์ และสุขภาพ
วิทยาศาสตร์การแพทย์ และสุขภาพ
QT100 ร326ส ฉ.4 
  Barcode: 038377
ห้องสมุดวิทยาเขตสวรรค์ประชารักษ์
►ส่วนจัดเก็บหนังสือเก่า สปร
บนชั้น
  ขอยืม
5. วิทยาศาสตร์การแพทย์ และสุขภาพ
วิทยาศาสตร์การแพทย์ และสุขภาพ
QT100 ร326ส ฉ.5 
  Barcode: 038378
ห้องสมุดวิทยาเขตสวรรค์ประชารักษ์
►ส่วนจัดเก็บหนังสือเก่า สปร
บนชั้น
  ขอยืม

รายการใกล้เคียง
    ผู้แต่ง [รัชฎา แก่นสาร์]

    หัวเรื่อง [Physiology]
    หัวเรื่อง [สรีรวิทยา]

BibComment


ยังไม่เคยถูกคอมเมนท์

คอมเมนท์ทรัพยากรรายการนี้
  คอมเมนท์: สรีรวิทยา 1 รัช..


 Copyright 2026. Bcnsprnw @Library